000
00320nam a22001337a 4500
003
SGT
020
_a
9789387593909
082
_a
570.15
_b
CHO
100
_a
CHOWDARY K.P.R
245
_a
A TEXTBOOK OF RESEARCH METHODOLOGIES AND BIOSTATISTICS
260
_a
INDIA
_b
PHARMA MED.
_c
2026
300
_a
199
942
_2
ddc
_c
BK
999
_c
34449
_d
34449